[Event "ESP-ch U12 rapid"]
[Site "Salobrena"]
[Date "2023.07.16"]
[Round "5"]
[White "Garigorta Martinez, Ibai"]
[Black "Soto Fernandez, Diego"]
[Result "1-0"]
[WhiteElo "1702"]
[BlackElo "1435"]
[PlyCount "93"]
[EventDate "2023.07.15"]
[EventType "swiss (rapid)"]
[EventRounds "9"]
[EventCountry "ESP"]
[SourceTitle "EXT 2024"]
[Source "ChessBase"]
[SourceDate "2023.10.10"]
[SourceVersion "1"]
[SourceVersionDate "2023.10.10"]
[SourceQuality "1"]

1. e4 e6 2. d4 d5 3. e5 c5 4. c3 Nc6 5. Nf3 Qb6 6. a3 c4 7. Nbd2 Na5 8. Rb1 Bd7 9. Qc2 Nb3 10. Nxb3 Ba4 11. Be2 Bxb3 12. Qd2 Ne7 13. 0-0 Nc6 14. Qe1 h6 15. Nd2 Na5 16. f4 Be7 17. f5 0-0-0 18. Bg4 Kb8 19. fxe6 fxe6 20. Rf7 Rde8 21. Qg3 g5 22. Qh3 Nc6 23. Nxb3 cxb3 24. Be3 Na5 25. Bxe6 Bxa3 26. Bxd5 Rhf8 27. Rxf8 Rxf8 28. bxa3 b2 29. Qe6 Qxe6 30. Bxe6 Re8 31. Bd5 Rc8 32. Rxb2 b6 33. e6 Kc7 34. h4 gxh4 35. Bxh6 Kd6 36. c4 Nxc4 37. Bxc4 Rxc4 38. Re2 Ke7 39. Bg5+ Ke8 40. d5 Rd4 41. Re5 a5 42. e7 b5 43. Rf5 b4 44. Rf8+ Kd7 45. e8Q+ Kd6 46. Qe6+ Kc7 47. Qc6# 1-0

[Event "ESP-ch U12 rapid"]
[Site "Salobrena"]
[Date "2023.07.15"]
[Round "1"]
[White "Garigorta Martinez, Ibai"]
[Black "Surov, Boris"]
[Result "1-0"]
[WhiteElo "1702"]
[BlackElo "1221"]
[PlyCount "77"]
[EventDate "2023.07.15"]
[EventType "swiss (rapid)"]
[EventRounds "9"]
[EventCountry "ESP"]
[SourceTitle "EXT 2024"]
[Source "ChessBase"]
[SourceDate "2023.10.10"]
[SourceVersion "1"]
[SourceVersionDate "2023.10.10"]
[SourceQuality "1"]

1. e4 d5 2. exd5 Qxd5 3. Nc3 Qa5 4. Bc4 c6 5. d4 Nf6 6. Nf3 Bg4 7. 0-0 Bf5 8. Bd2 Qd8 9. Re1 Nbd7 10. d5 g6 11. Nd4 Bg7 12. Nxf5 gxf5 13. dxc6 bxc6 14. Qf3 0-0 15. Qxf5 e6 16. Qf3 Ne5 17. Rxe5 Qxd2 18. Qe2 Rad8 19. Bd3 Qxe2 20. Rxe2 Nd5 21. Nxd5 cxd5 22. Rb1 Rfe8 23. b4 Rb8 24. b5 Bd4 25. a4 a6 26. Ree1 axb5 27. axb5 Rec8 28. Rb4 Bc3 29. Rg4+ Kf8 30. Rb1 f5 31. Rh4 Kg7 32. g4 fxg4 33. Rxh7+ Kf6 34. Rb3 Bd4 35. Rh6+ Kf7 36. Rb4 Bc5 37. Rxg4 e5 38. Rh7+ Kf6 39. Rg6# 1-0

[Event "ESP-ch U12 rapid"]
[Site "Salobrena"]
[Date "2023.07.15"]
[Round "2"]
[White "Munoz Dodim, Jordi"]
[Black "Garigorta Martinez, Ibai"]
[Result "0-1"]
[WhiteElo "1312"]
[BlackElo "1702"]
[PlyCount "56"]
[EventDate "2023.07.15"]
[EventType "swiss (rapid)"]
[EventRounds "9"]
[EventCountry "ESP"]
[SourceTitle "EXT 2024"]
[Source "ChessBase"]
[SourceDate "2023.10.10"]
[SourceVersion "1"]
[SourceVersionDate "2023.10.10"]
[SourceQuality "1"]

1. e4 e5 2. Nf3 Nc6 3. Bc4 Nf6 4. Ng5 d5 5. exd5 Na5 6. Bb5+ c6 7. dxc6 bxc6 8. Qf3 Be7 9. Bxc6+ Nxc6 10. Qxc6+ Bd7 11. Qf3 0-0 12. Nc3 Rc8 13. 0-0 Bc6 14. Qe2 h6 15. Nf3 Bd6 16. d3 Re8 17. Be3 e4 18. dxe4 Nxe4 19. Nxe4 Bxe4 20. Rac1 Qf6 21. Rfd1 Bc5 22. c3 Bxe3 23. fxe3 Qb6 24. Nd4 Re5 25. Rf1 Bd5 26. a3 Rce8 27. Qf2 Rxe3 28. Qxf7+ Bxf7 0-1

[Event "ESP-ch U12"]
[Site "Salobrena"]
[Date "2023.07.14"]
[Round "7"]
[White "Garigorta Martinez, Ibai"]
[Black "Surov, Georgii"]
[Result "1-0"]
[WhiteElo "1702"]
[BlackElo "1492"]
[PlyCount "95"]
[EventDate "2023.07.10"]
[EventType "swiss"]
[EventRounds "9"]
[EventCountry "ESP"]
[SourceTitle "EXT 2024"]
[Source "ChessBase"]
[SourceDate "2023.10.10"]
[SourceVersion "1"]
[SourceVersionDate "2023.10.10"]
[SourceQuality "1"]

1. e4 e6 2. d4 d5 3. e5 c5 4. c3 Nc6 5. Nf3 Qb6 6. a3 Nge7 7. Bd3 cxd4 8. cxd4 Bd7 9. Bc2 Nf5 10. Bxf5 exf5 11. Nc3 Be6 12. b4 Rc8 13. Bb2 a5 14. b5 Na7 15. a4 Bb4 16. Rc1 Rc4 17. 0-0 0-0 18. Na2 Rfc8 19. Nd2 Bxd2 20. Qxd2 Rxa4 21. Nc3 Rac4 22. Ba3 Qxd4 23. Qxd4 Rxd4 24. b6 Nc6 25. Nb5 Ra4 26. Bd6 Re4 27. Na7 Nxa7 28. bxa7 Ra8 29. Bb8 Rc4 30. Rxc4 dxc4 31. Rb1 h6 32. Rxb7 a4 33. Rb4 c3 34. Rxa4 c2 35. Ra1 Kf8 36. Rc1 Bb3 37. Kf1 Ke7 38. Ke2 Ke6 39. Kd3 g5 40. Kc3 Bd5 41. Rxc2 Bxg2 42. Rb2 h5 43. f4 Bf3 44. fxg5 Be4 45. Kd4 Bc6 46. Rb6 Kd7 47. e6+ fxe6 48. Rxc6 1-0

[Event "ESP-ch U12"]
[Site "Salobrena"]
[Date "2023.07.10"]
[Round "2"]
[White "Torrent Santonja, Adria"]
[Black "Garigorta Martinez, Ibai"]
[Result "1-0"]
[WhiteElo "1386"]
[BlackElo "1702"]
[PlyCount "107"]
[EventDate "2023.07.10"]
[EventType "swiss"]
[EventRounds "9"]
[EventCountry "ESP"]
[SourceTitle "EXT 2024"]
[Source "ChessBase"]
[SourceDate "2023.10.10"]
[SourceVersion "1"]
[SourceVersionDate "2023.10.10"]
[SourceQuality "1"]

1. c4 e5 2. Nc3 Nf6 3. g3 d5 4. cxd5 Nxd5 5. Bg2 Nb6 6. e3 Nc6 7. Nge2 Bf5 8. d4 exd4 9. Nxd4 Nxd4 10. exd4 c6 11. 0-0 Be7 12. d5 cxd5 13. Nxd5 Nxd5 14. Qxd5 Qxd5 15. Bxd5 0-0-0 16. Bxf7 Bh3 17. Bf4 Bxf1 18. Be6+ Rd7 19. Kxf1 Kd8 20. Bxd7 Kxd7 21. Rc1 Bd8 22. Rc3 Re8 23. Rd3+ Kc8 24. Be3 b6 25. Ra3 Kb7 26. Rd3 Kc8 27. a4 Bf6 28. Bd4 Rd8 29. Rc3+ Kb7 30. Bxf6 gxf6 31. Rf3 Rd2 32. Rxf6 Rxb2 33. Rf7+ Kb8 34. Rxh7 a5 35. Rh4 Kc7 36. Rc4+ Kd6 37. h4 Kd5 38. Rf4 Rb1+ 39. Kg2 Rb4 40. h5 Rb1 41. h6 Rc1 42. Rf8 Rc7 43. g4 Ke6 44. g5 Rf7 45. Rxf7 Kxf7 46. Kf3 Kg6 47. Ke4 Kh7 48. f4 Kg6 49. f5+ Kh7 50. Kd5 b5 51. axb5 a4 52. Kc4 a3 53. Kb3 Kg8 54. g6 1-0